[Event "Magistral Internacional Mar de Ajo 2009"]
[Site "Buenos Aires ARG"]
[Date "2009.03.27"]
[Round "5.5"]
[White "Ginzburg, Maximiliano"]
[Black "Rodriguez, Jorge Luis"]
[Result "1/2-1/2"]
[WhiteElo "2455"]
[BlackElo "2393"]
[PlyCount "67"]
[EventDate "2009.03.23"]
[EventType "tourn"]
[EventRounds "9"]
[EventCountry "ARG"]
[EventCategory "8"]
[Source "lmi"]
[SourceDate "2009.03.23"]

1. e4 d5 2. exd5 Nf6 3. d4 Nxd5 4. Nf3 Nb6 5. Be2 Bg4 6. O-O e6 7. c4 Be7 8.
Nc3 O-O 9. h3 Bh5 10. Be3 Nc6 11. b3 Re8 12. Qd2 Bf8 13. Rfd1 Qe7 14. Ne5 Bxe2
15. Nxc6 Qd6 16. Qxe2 Qxc6 17. a4 a6 18. Rd3 Rad8 19. Rad1 Bb4 20. Na2 Be7 21.
Qd2 Nc8 22. Bf4 Bd6 23. Bxd6 Nxd6 24. Nb4 Qe4 25. d5 a5 26. Nc2 b6 27. dxe6
Rxe6 28. Re1 Qg6 29. Rxe6 Qxe6 30. Nd4 Qc8 31. Nb5 Nb7 32. Rxd8+ Nxd8 33. c5 h6
34. Qe3 1/2-1/2

[Event "Magistral Internacional Mar de Ajo 2009"]
[Site "Buenos Aires ARG"]
[Date "2009.03.28"]
[Round "6.1"]
[White "Van Riemsdijk, Herman C"]
[Black "Rodriguez, Jorge Luis"]
[Result "1/2-1/2"]
[WhiteElo "2393"]
[BlackElo "2393"]
[PlyCount "99"]
[EventDate "2009.03.23"]
[EventType "tourn"]
[EventRounds "9"]
[EventCountry "ARG"]
[EventCategory "8"]
[Source "lmi"]
[SourceDate "2009.03.23"]

1. e4 c5 2. Nf3 e6 3. d4 cxd4 4. Nxd4 a6 5. c4 Qc7 6. a3 Nf6 7. Nc3 d6 8. Be2
Be7 9. O-O b6 10. Be3 Bb7 11. f3 O-O 12. Rc1 Re8 13. b4 Nbd7 14. Nb3 Rac8 15.
Qd4 Qb8 16. Rfd1 Bd8 17. Kh1 Bc7 18. Bg1 d5 19. exd5 exd5 20. c5 bxc5 21. bxc5
Be5 22. Qf2 d4 23. Nxd4 Nxc5 24. Rb1 Qc7 25. Bf1 Ba8 26. Qa2 Ne6 27. Nce2 Nxd4
28. Nxd4 Bd5 29. Qd2 Qd6 30. Qa5 Bc4 31. Nb3 Qc7 32. Bxc4 Qxc4 33. Nc5 Nd5 34.
Nd7 Nc3 35. Nxe5 Qe6 36. Nd3 Nxd1 37. Rxd1 Qe2 38. Qa4 Red8 39. Nf2 h6 40. h3
Rxd1 41. Qxd1 Qb2 42. a4 Rc1 43. Nd3 Qxg2+ 44. Kxg2 Rxd1 45. Nc5 Rd6 46. a5 f5
47. Nb7 Rd7 48. Nc5 Rd6 49. Nb7 Rd7 50. Nc5 1/2-1/2

[Event "Magistral Internacional Mar de Ajo 2009"]
[Site "Buenos Aires ARG"]
[Date "2009.03.28"]
[Round "6.2"]
[White "Slipak, Sergio"]
[Black "Ginzburg, Maximiliano"]
[Result "1-0"]
[WhiteElo "2452"]
[BlackElo "2455"]
[PlyCount "81"]
[EventDate "2009.03.23"]
[EventType "tourn"]
[EventRounds "9"]
[EventCountry "ARG"]
[EventCategory "8"]
[Source "lmi"]
[SourceDate "2009.03.23"]

1. d4 f5 2. Bg5 c6 3. e3 Qb6 4. b3 d6 5. Nf3 h6 6. Bh4 g5 7. Bg3 Nf6 8. Nfd2
Bg7 9. Nc4 Qc7 10. a4 Be6 11. a5 Nbd7 12. Bd3 O-O 13. O-O Nd5 14. Re1 N7f6 15.
f3 Nh5 16. Bf2 Nb4 17. Bf1 Bf7 18. c3 Na6 19. e4 fxe4 20. fxe4 Nf4 21. Nbd2 Bh5
22. Qc2 d5 23. Ne5 c5 24. exd5 cxd4 25. Bxd4 Nb4 26. Qe4 Nbxd5 27. Bc4 e6 28.
g3 Nh3+ 29. Kg2 g4 30. Nxg4 Ng5 31. Qe2 Qc6 32. Ne4 Nf4+ 33. gxf4 Rxf4 34.
Nxh6+ Bxh6 35. Qxh5 Kh7 36. Bb5 Qd5 37. c4 Qxe4+ 38. Rxe4 Rxe4 39. Be8 Rxe8 40.
Qxe8 Rxd4 41. Rf1 1-0

[Event "Magistral Internacional Mar de Ajo 2009"]
[Site "Buenos Aires ARG"]
[Date "2009.03.28"]
[Round "6.3"]
[White "Garcia Palermo, Carlos"]
[Black "Claverie, Raul"]
[Result "1-0"]
[WhiteElo "2484"]
[BlackElo "2374"]
[PlyCount "118"]
[EventDate "2009.03.23"]
[EventType "tourn"]
[EventRounds "9"]
[EventCountry "ARG"]
[EventCategory "8"]
[Source "lmi"]
[SourceDate "2009.03.23"]

1. d4 e6 2. Nf3 f5 3. g3 Nf6 4. Bg2 c6 5. O-O d5 6. b3 Bd6 7. Ba3 Bxa3 8. Nxa3
Qe7 9. Qc1 O-O 10. c4 Nbd7 11. Qb2 Ne4 12. Nc2 b6 13. Nce1 Bb7 14. Nd3 a5 15.
a4 c5 16. e3 Rac8 17. Rac1 Ba6 18. Nfe5 Rfd8 19. Rfd1 Nxe5 20. Nxe5 Bb7 21. Nd3
dxc4 22. bxc4 Bc6 23. Ra1 Rd6 24. Ne5 Be8 25. f3 Nf6 26. f4 cxd4 27. exd4 Rcd8
28. Rd3 Kf8 29. h3 Nd7 30. Nxd7+ Qxd7 31. d5 Qc7 32. Rd4 Qc5 33. Kh2 Bc6 34.
Qd2 Bd7 35. Ra2 Bc6 36. Qd1 Be8 37. Rad2 exd5 38. Rxd5 Rxd5 39. cxd5 Rd6 40.
Qa1 Rf6 41. Qe5 Bxa4 42. Qb8+ Ke7 43. Qg8 Kd7 44. Qxg7+ Qe7 45. Qh8 h6 46. Qa8
Qd8 47. Qa6 b5 48. d6 b4 49. Re2 Rxd6 50. Qb7+ Qc7 51. Re7+ Kxe7 52. Qxc7+ Bd7
53. Qxa5 b3 54. Qb4 Be6 55. g4 fxg4 56. hxg4 Bxg4 57. Qxb3 Bf5 58. Qb5 Bg6 59.
Bh3 Be8 1-0

[Event "Magistral Internacional Mar de Ajo 2009"]
[Site "Buenos Aires ARG"]
[Date "2009.03.28"]
[Round "6.4"]
[White "Rodriguez Vila, Andres"]
[Black "Alonso, Salvador"]
[Result "1-0"]
[WhiteElo "2524"]
[BlackElo "2441"]
[PlyCount "79"]
[EventDate "2009.03.23"]
[EventType "tourn"]
[EventRounds "9"]
[EventCountry "ARG"]
[EventCategory "8"]
[Source "lmi"]
[SourceDate "2009.03.23"]

1. e4 c5 2. Nf3 e6 3. Qe2 Nc6 4. g3 Nf6 5. Bg2 d5 6. d3 Be7 7. O-O O-O 8. e5
Nd7 9. c4 d4 10. Re1 Rb8 11. h4 b5 12. cxb5 Nb4 13. Na3 a6 14. Bd2 Nd5 15. bxa6
Rxb2 16. Nc4 Rb8 17. Ba5 Qe8 18. Ng5 Bxg5 19. hxg5 Bxa6 20. Be4 g6 21. Kg2 Qe7
22. Rh1 Bxc4 23. dxc4 Nc3 24. Bxc3 dxc3 25. Bc6 Rfd8 26. Qe3 Nb6 27. Rh4 c2 28.
Rah1 Rd1 29. Rxh7 Rxh1 30. Rxh1 Nxc4 31. Qf4 Qc7 32. Bf3 Qxe5 33. Qxc4 Qd4 34.
Qxd4 cxd4 35. Be4 Rb2 36. Rc1 Rxa2 37. Rxc2 Ra5 38. f4 f5 39. gxf6 Kf7 40. Rc4
1-0

[Event "Magistral Internacional Mar de Ajo 2009"]
[Site "Buenos Aires ARG"]
[Date "2009.03.29"]
[Round "7.1"]
[White "Diamant, Andre"]
[Black "Van Riemsdijk, Herman C"]
[Result "1-0"]
[WhiteElo "2472"]
[BlackElo "2393"]
[PlyCount "81"]
[EventDate "2009.03.23"]
[EventType "tourn"]
[EventRounds "9"]
[EventCountry "ARG"]
[EventCategory "8"]
[Source "lmi"]
[SourceDate "2009.03.23"]

1. e4 e5 2. Nf3 Nc6 3. Bb5 Nf6 4. O-O Nxe4 5. d4 Nd6 6. Bxc6 dxc6 7. dxe5 Nf5
8. Qxd8+ Kxd8 9. Nc3 Be7 10. Bf4 Be6 11. h3 h6 12. g4 Nh4 13. Nxh4 Bxh4 14. Ne4
b6 15. Bg3 Be7 16. f4 h5 17. f5 Bd5 18. Rfe1 hxg4 19. hxg4 Kc8 20. b3 Kb7 21.
c4 Bxe4 22. Rxe4 Rad8 23. Rae1 Rd3 24. Kg2 Kc8 25. e6 f6 26. Bf4 Kd8 27. R1e2
Bd6 28. Bxd6 cxd6 29. R4e3 Rd4 30. Rg3 Rh4 31. g5 fxg5 32. Rxg5 Rdg4+ 33. Rxg4
Rxg4+ 34. Kf3 Rg1 35. b4 Ke7 36. b5 Rc1 37. bxc6 Rxc4 38. Rg2 Kf8 39. Rh2 Kg8
40. Rh8+ Kxh8 41. e7 1-0

[Event "Magistral Internacional Mar de Ajo 2009"]
[Site "Buenos Aires ARG"]
[Date "2009.03.29"]
[Round "7.3"]
[White "Claverie, Raul"]
[Black "Rodriguez Vila, Andres"]
[Result "1/2-1/2"]
[WhiteElo "2374"]
[BlackElo "2524"]
[PlyCount "126"]
[EventDate "2009.03.23"]
[EventType "tourn"]
[EventRounds "9"]
[EventCountry "ARG"]
[EventCategory "8"]
[Source "lmi"]
[SourceDate "2009.03.23"]

1. Nf3 d6 2. g3 e5 3. d3 f5 4. Bg2 Nf6 5. O-O Be7 6. c4 O-O 7. Nc3 Nc6 8. Rb1
a5 9. a3 Qe8 10. Nd5 Bd8 11. Bg5 Qh5 12. Bxf6 gxf6 13. Nh4 f4 14. e4 Qxd1 15.
Rbxd1 Nd4 16. Nf3 Bg4 17. Nxd4 Bxd1 18. Rxd1 exd4 19. Nxf4 Re8 20. Ne2 c5 21.
Bh3 Re7 22. Nf4 a4 23. Nd5 Rg7 24. Rb1 Rb8 25. Be6+ Kh8 26. b4 axb3 27. Rxb3 b6
28. Nf4 Ra7 29. Bd5 Ra5 30. Ne6 Be7 31. h4 b5 32. Bc6 b4 33. a4 Rb6 34. Bb5 Kg8
35. Kg2 Kf7 36. Nf4 Bf8 37. Nd5 Rb7 38. f4 Rba7 39. Nb6 Be7 40. Kf3 Bd8 41. Nd5
Rxa4 42. Bxa4 Rxa4 43. Rb2 Ra3 44. Ke2 Ba5 45. g4 b3 46. Rb1 Ra2+ 47. Kf3 Ra3
48. Ke2 h6 49. h5 Kg7 50. Ne7 Bc3 51. Nf5+ Kh7 52. Kd1 b2 53. Nxd6 Bb4 54. Kc2
Rc3+ 55. Kxb2 Rxd3 56. Ra1 Bc3+ 57. Kc2 Rd2+ 58. Kc1 Rf2 59. Ra7+ Kg8 60. Ra8+
Kg7 61. Ra7+ Kf8 62. Rf7+ Kg8 63. Re7 Kf8 1/2-1/2

[Event "Magistral Internacional Mar de Ajo 2009"]
[Site "Buenos Aires ARG"]
[Date "2009.03.29"]
[Round "7.4"]
[White "Ginzburg, Maximiliano"]
[Black "Garcia Palermo, Carlos"]
[Result "1/2-1/2"]
[WhiteElo "2455"]
[BlackElo "2484"]
[PlyCount "25"]
[EventDate "2009.03.23"]
[EventType "tourn"]
[EventRounds "9"]
[EventCountry "ARG"]
[EventCategory "8"]
[Source "lmi"]
[SourceDate "2009.03.23"]

1. e4 Nf6 2. e5 Nd5 3. d4 d6 4. c4 Nb6 5. exd6 exd6 6. Nc3 Be7 7. Be3 O-O 8.
Nf3 Bg4 9. h3 Bxf3 10. Qxf3 Nc6 11. Be2 f5 12. g3 Bg5 13. O-O-O 1/2-1/2

[Event "Magistral Internacional Mar de Ajo 2009"]
[Site "Buenos Aires ARG"]
[Date "2009.03.29"]
[Round "7.5"]
[White "Rodriguez, Jorge Luis"]
[Black "Slipak, Sergio"]
[Result "1/2-1/2"]
[WhiteElo "2393"]
[BlackElo "2452"]
[PlyCount "56"]
[EventDate "2009.03.23"]
[EventType "tourn"]
[EventRounds "9"]
[EventCountry "ARG"]
[EventCategory "8"]
[Source "lmi"]
[SourceDate "2009.03.23"]

1. c4 e6 2. Nf3 Nf6 3. Nc3 Bb4 4. Qc2 c5 5. g3 O-O 6. Bg2 Nc6 7. O-O d6 8. d3
h6 9. a3 Ba5 10. Rb1 e5 11. e3 Be6 12. Nd2 Bxc3 13. Qxc3 Qd7 14. b4 Bh3 15. Bb2
Bxg2 16. Kxg2 Rfe8 17. Rbd1 b6 18. Nb3 Qb7 19. Kg1 cxb4 20. axb4 b5 21. Ba3
Rab8 22. Nd2 d5 23. cxd5 Nxd5 24. Qb3 Rbd8 25. Rc1 a5 26. bxa5 Nxa5 27. Qb1 b4
28. Bb2 Nc6 1/2-1/2

[Event "Magistral Internacional Mar de Ajo 2009"]
[Site "Buenos Aires ARG"]
[Date "2009.03.30"]
[Round "8.1"]
[White "Van Riemsdijk, Herman C"]
[Black "Slipak, Sergio"]
[Result "1/2-1/2"]
[WhiteElo "2393"]
[BlackElo "2452"]
[PlyCount "31"]
[EventDate "2009.03.23"]
[EventType "tourn"]
[EventRounds "9"]
[EventCountry "ARG"]
[EventCategory "8"]
[Source "lmi"]
[SourceDate "2009.03.23"]

1. e4 e5 2. Nf3 Nc6 3. Bb5 Nf6 4. O-O Nxe4 5. d4 Nd6 6. Bxc6 dxc6 7. dxe5 Ne4
8. Qxd8+ Kxd8 9. Re1 Nc5 10. Nc3 Bg4 11. Ng5 Ke8 12. Nge4 Bf5 13. h3 h5 14.
Nxc5 Bxc5 15. Ne4 Be7 16. Nd6+ 1/2-1/2

[Event "Magistral Internacional Mar de Ajo 2009"]
[Site "Buenos Aires ARG"]
[Date "2009.03.30"]
[Round "8.2"]
[White "Garcia Palermo, Carlos"]
[Black "Rodriguez, Jorge Luis"]
[Result "1-0"]
[WhiteElo "2486"]
[BlackElo "2393"]
[PlyCount "47"]
[EventDate "2009.03.23"]
[EventType "tourn"]
[EventRounds "9"]
[EventCountry "ARG"]
[EventCategory "8"]
[Source "lmi"]
[SourceDate "2009.03.23"]

1. d4 e6 2. c4 Nf6 3. Nf3 d5 4. e3 c5 5. cxd5 Nxd5 6. e4 Nb6 7. Nc3 cxd4 8.
Qxd4 Nc6 9. Qxd8+ Nxd8 10. Bb5+ Bd7 11. Ne5 Bxb5 12. Nxb5 Bb4+ 13. Ke2 Ke7 14.
Be3 Bd6 15. Nxd6 Kxd6 16. f4 f6 17. Rhd1+ Kc7 18. Rac1+ Nc6 19. Nf7 Rhf8 20.
Nd6 a6 21. b4 Nc8 22. Nxb7 N8e7 23. Nc5 Rfb8 24. Nxe6+ 1-0

[Event "Magistral Internacional Mar de Ajo 2009"]
[Site "Buenos Aires ARG"]
[Date "2009.03.30"]
[Round "8.3"]
[White "Rodriguez Vila, Andres"]
[Black "Ginzburg, Maximiliano"]
[Result "1-0"]
[WhiteElo "2524"]
[BlackElo "2455"]
[PlyCount "81"]
[EventDate "2009.03.23"]
[EventType "tourn"]
[EventRounds "9"]
[EventCountry "ARG"]
[EventCategory "8"]
[Source "lmi"]
[SourceDate "2009.03.23"]

1. f4 d5 2. Nf3 Nf6 3. g3 g6 4. Bg2 Bg7 5. O-O O-O 6. d3 Nc6 7. c3 Qd6 8. Na3
Bg4 9. Kh1 Rad8 10. Qb3 b6 11. Qa4 Bxf3 12. Bxf3 e5 13. fxe5 Nxe5 14. Bf4 Qe7
15. Bxe5 Qxe5 16. Qxa7 g5 17. Qa4 c5 18. Rae1 Qe6 19. Qb3 g4 20. Bg2 Nh5 21. e4
d4 22. Qxe6 fxe6 23. c4 Be5 24. Nb5 Kg7 25. a3 Rd7 26. Rxf8 Kxf8 27. b4 Ke8 28.
Ra1 Nf6 29. bxc5 bxc5 30. a4 Rd8 31. a5 Nd7 32. Bf1 h5 33. Be2 Ke7 34. Kg2 Rg8
35. a6 Nb6 36. a7 Kd7 37. Rf1 Ke7 38. Bd1 Ra8 39. Rf2 Rc8 40. Rb2 Ra8 41. h3
1-0

[Event "Magistral Internacional Mar de Ajo 2009"]
[Site "Buenos Aires ARG"]
[Date "2009.03.30"]
[Round "8.4"]
[White "Hobaica, Juan Pablo"]
[Black "Claverie, Raul"]
[Result "1-0"]
[WhiteElo "2400"]
[BlackElo "2374"]
[PlyCount "77"]
[EventDate "2009.03.23"]
[EventType "tourn"]
[EventRounds "9"]
[EventCountry "ARG"]
[EventCategory "8"]
[Source "lmi"]
[SourceDate "2009.03.23"]

1. Nf3 f5 2. c4 Nf6 3. g3 d6 4. d4 g6 5. Bg2 Bg7 6. O-O O-O 7. Nc3 Nc6 8. d5
Na5 9. Qa4 c5 10. dxc6 Nxc6 11. Rd1 Nd7 12. Qc2 a5 13. Be3 Ra6 14. Ng5 Nde5 15.
c5 h6 16. Qb3+ Kh8 17. Ne6 Bxe6 18. Qxe6 Qc8 19. Qxc8 Rxc8 20. cxd6 exd6 21.
Nb5 Nc4 22. Nxd6 Nxe3 23. fxe3 Rc7 24. Ne8 Re7 25. Nxg7 Kxg7 26. Rac1 Rb6 27.
Bxc6 bxc6 28. Kf2 Kf6 29. b3 Ke6 30. Rd4 Rd7 31. Rc5 Rxd4 32. exd4 a4 33. bxa4
Kd6 34. h4 Rb4 35. e3 h5 36. a5 Rb2+ 37. Kf3 Rxa2 38. Re5 Ra1 39. Kf4 1-0

[Event "Magistral Internacional Mar de Ajo 2009"]
[Site "Buenos Aires ARG"]
[Date "2009.03.31"]
[Round "9.1"]
[White "Alonso, Salvador"]
[Black "Van Riemsdijk, Herman C"]
[Result "1-0"]
[WhiteElo "2441"]
[BlackElo "2393"]
[PlyCount "125"]
[EventDate "2009.03.23"]
[EventType "tourn"]
[EventRounds "9"]
[EventCountry "ARG"]
[EventCategory "8"]
[Source "lmi"]
[SourceDate "2009.03.23"]

1. e4 e5 2. Nf3 Nc6 3. Bb5 a6 4. Ba4 Nf6 5. O-O Be7 6. Re1 b5 7. Bb3 d6 8. c3
O-O 9. h3 Na5 10. Bc2 c5 11. d4 Qc7 12. Nbd2 cxd4 13. cxd4 Bb7 14. d5 Bc8 15.
b3 Nb7 16. a3 a5 17. Bb2 Nc5 18. Rc1 b4 19. Nc4 Nfd7 20. axb4 axb4 21. Qd2 Ba6
22. Ne3 Rfb8 23. Nf5 Bf8 24. Nh2 g6 25. Nh6+ Bxh6 26. Qxh6 Qd8 27. Qd2 Qf8 28.
Ng4 h5 29. Nh2 Kh7 30. Nf3 f6 31. Ra1 Qh6 32. Re3 Rb6 33. Qe1 g5 34. Nd2 Rab8
35. Nf1 Nf8 36. Ng3 Bc8 37. Bd1 h4 38. Nf1 Ng6 39. Nh2 Nf4 40. Bg4 Ba6 41. Qd1
Kg7 42. Bf5 Kf7 43. Ng4 Qh8 44. Ra2 Bc8 45. Bxc8 Qxc8 46. g3 Ng6 47. Qf3 Nd7
48. Ra1 Qh8 49. Kg2 Kg7 50. Re2 Ne7 51. Rc2 Rc8 52. Rac1 Rxc2 53. Rxc2 Qd8 54.
Bc1 Rb7 55. Bd2 Qg8 56. Rc6 Qb8 57. gxh4 Ng6 58. Kh2 Nxh4 59. Qg3 Nc5 60. Nxf6
Kf7 61. Bxg5 Ng6 62. Qf3 Kg7 63. Rxd6 1-0

[Event "Magistral Internacional Mar de Ajo 2009"]
[Site "Buenos Aires ARG"]
[Date "2009.04.01"]
[Round "9.2"]
[White "Claverie, Raul"]
[Black "Diamant, Andre"]
[Result "0-1"]
[WhiteElo "2374"]
[BlackElo "2472"]
[PlyCount "108"]
[EventDate "2009.03.23"]
[EventType "tourn"]
[EventRounds "9"]
[EventCountry "ARG"]
[EventCategory "8"]
[Source "lmi"]
[SourceDate "2009.03.23"]

1. e3 g6 2. c3 Bg7 3. d4 d6 4. g3 Nd7 5. Bg2 e5 6. Ne2 Ngf6 7. O-O O-O 8. h3
Re8 9. c4 e4 10. Nbc3 h5 11. f4 exf3 12. Rxf3 Nh7 13. e4 Ng5 14. Rd3 Nf8 15.
Qf1 c6 16. h4 Ngh7 17. Nf4 Nf6 18. Bd2 Ng4 19. Rd1 Ne6 20. Nce2 Qc7 21. b3 Qe7
22. Bc3 Nf8 23. Ba1 Bd7 24. Bf3 Rad8 25. Re1 Bc8 26. Nc3 Qc7 27. Rd2 Qb6 28.
Na4 Qa5 29. Bc3 Qc7 30. Nb2 Re7 31. Nbd3 Rde8 32. Rde2 Rd8 33. Rd1 Nd7 34. Bxg4
hxg4 35. h5 g5 36. h6 Bxh6 37. Rh2 Bg7 38. Nh5 f6 39. Qf5 Rf7 40. Nxg7 Nf8 41.
d5 Bxf5 42. Nxf5 Rh7 43. Rdd2 cxd5 44. Nb4 Qc5+ 45. Kf1 d4 46. Rxh7 Nxh7 47.
Rxd4 Re8 48. Rxd6 Rxe4 49. Nd5 Kf7 50. Rd7+ Ke6 51. Bb4 Qxb4 52. Nxb4 Kxd7 53.
Nd3 Ke6 54. Ng7+ Kf7 0-1

[Event "Magistral Internacional Mar de Ajo 2009"]
[Site "Buenos Aires ARG"]
[Date "2009.03.31"]
[Round "9.3"]
[White "Ginzburg, Maximiliano"]
[Black "Hobaica, Juan Pablo"]
[Result "1/2-1/2"]
[WhiteElo "2455"]
[BlackElo "2400"]
[PlyCount "33"]
[EventDate "2009.03.23"]
[EventType "tourn"]
[EventRounds "9"]
[EventCountry "ARG"]
[EventCategory "8"]
[Source "lmi"]
[SourceDate "2009.03.23"]

1. e4 c5 2. Nf3 e6 3. c3 d5 4. exd5 Qxd5 5. d4 Nf6 6. Bd3 Nc6 7. O-O cxd4 8.
cxd4 Be7 9. Nc3 Qd8 10. a3 O-O 11. Bc2 b6 12. Qd3 Bb7 13. Bg5 g6 14. Bh6 Re8
15. Rfe1 Rc8 16. Rac1 a6 17. Bb1 1/2-1/2

[Event "Magistral Internacional Mar de Ajo 2009"]
[Site "Buenos Aires ARG"]
[Date "2009.03.31"]
[Round "9.4"]
[White "Rodriguez, Jorge Luis"]
[Black "Rodriguez Vila, Andres"]
[Result "0-1"]
[WhiteElo "2393"]
[BlackElo "2524"]
[PlyCount "104"]
[EventDate "2009.03.23"]
[EventType "tourn"]
[EventRounds "9"]
[EventCountry "ARG"]
[EventCategory "8"]
[Source "lmi"]
[SourceDate "2009.03.23"]

1. e4 e6 2. d4 d5 3. Nc3 Bb4 4. e5 c5 5. a3 Bxc3+ 6. bxc3 Nc6 7. h4 Qa5 8. Bd2
Qa4 9. Qg4 g6 10. Nf3 Qxc2 11. Rc1 Qe4+ 12. Qxe4 dxe4 13. Ng5 f5 14. h5 gxh5
15. Be2 Nd8 16. Bxh5+ Kf8 17. g4 Ne7 18. gxf5 exf5 19. f3 h6 20. Nh3 exf3 21.
Bxf3 Nf7 22. Nf4 Ng5 23. Bg2 Ne4 24. Be3 b6 25. d5 Rg8 26. c4 Rg3 27. Ke2 Nxd5
28. Nxd5 Rxg2+ 29. Kf1 Ra2 30. Bxh6+ Kf7 31. Bf4 Be6 32. Rh7+ Kg8 33. Rh2 Rxh2
34. Bxh2 Kf7 35. Bf4 Rd8 36. Rd1 b5 37. Be3 Rd7 38. Ke1 bxc4 39. Nf4 Rb7 40.
Rd8 c3 41. Kd1 Rb1+ 42. Kc2 Re1 43. Bc1 Rh1 44. Ra8 Rh2+ 45. Kd3 Rd2+ 46. Ke3
Rd7 47. Rh8 Rd1 48. Rh7+ Kg8 49. Rh5 Rxc1 50. Nxe6 c2 51. Rxf5 Re1+ 52. Kd3
c1=Q 0-1